[Event "1st Stars Cup 2016"]
[Site "Guilan, Iran"]
[Date "2016.07.17"]
[Round "7"]
[Board "5"]
[White "Maghsoodloo, Parham"]
[Black "Sokolov, Ivan"]
[Result "1-0"]
[WhiteElo "2501"]
[BlackElo "2642"]
[PlyCount "0"]
[EventDate "2016.07.11"]
[EventType "team"]
[EventRounds "10"]
[EventCountry "IRI"]
[WhiteTeam "Iran Stars"]
[BlackTeam "World Stars"]

1. Nf3 {[%clk 1:29:00]} d5 {[%clk 1:30:52]} 2. g3 {[%clk 1:28:02]} Bg4
{[%clk 1:30:27]} 3. Bg2 {[%clk 1:28:10]} e6 {[%clk 1:30:53]} 4. d3
{[%clk 1:26:24]} Bd6 {[%clk 1:30:10]} 5. Nbd2 {[%clk 1:23:04]} Ne7
{[%clk 1:27:35]} 6. c3 {[%clk 1:22:49]} O-O {[%clk 1:26:55]} 7. e4
{[%clk 1:18:23]} c5 {[%clk 1:25:33]} 8. O-O {[%clk 1:16:19]} Nbc6
{[%clk 1:25:58]} 9. Qa4 {[%clk 1:13:21]} Bh5 {[%clk 1:20:43]} 10. Re1
{[%clk 1:11:00]} a6 {[%clk 1:18:11]} 11. e5 {[%clk 0:54:41]} Bc7 {[%clk 1:17:22]}
12. Qa3 {[%clk 0:54:02]} Bg6 {[%clk 1:12:07]} 13. Qxc5 {[%clk 0:52:29]} Bxd3
{[%clk 1:11:52]} 14. Qe3 {[%clk 0:47:31]} Bc2 {[%clk 1:09:03]} 15. b3
{[%clk 0:39:29]} a5 {[%clk 0:53:47]} 16. Ba3 {[%clk 0:37:31]} a4 {[%clk 0:54:12]}
17. Bc5 {[%clk 0:35:38]} b6 {[%clk 0:48:07]} 18. Ba3 {[%clk 0:35:56]} Bg6
{[%clk 0:45:37]} 19. Bf1 {[%clk 0:29:35]} Ra5 {[%clk 0:36:33]} 20. Bxe7
{[%clk 0:25:24]} Qxe7 {[%clk 0:32:11]} 21. b4 {[%clk 0:25:43]} d4
{[%clk 0:32:35]} 22. Nxd4 {[%clk 0:23:45]} Nxd4 {[%clk 0:32:54]} 23. cxd4
{[%clk 0:23:54]} Qxb4 {[%clk 0:33:02]} 24. Rec1 {[%clk 0:23:20]} Bb8
{[%clk 0:33:29]} 25. Nc4 {[%clk 0:22:59]} Rd5 {[%clk 0:33:34]} 26. a3
{[%clk 0:22:50]} Qb5 {[%clk 0:32:36]} 27. Ra2 {[%clk 0:15:16]} Rfd8
{[%clk 0:30:07]} 28. Nd6 {[%clk 0:13:29]} Qb3 {[%clk 0:28:56]} 29. Bc4
{[%clk 0:13:51]} Qxe3 {[%clk 0:28:37]} 30. fxe3 {[%clk 0:14:16]} R5xd6
{[%clk 0:27:52]} 31. exd6 {[%clk 0:14:35]} Bxd6 {[%clk 0:28:20]} 32. Bb5
{[%clk 0:14:06]} h5 {[%clk 0:28:07]} 33. Bxa4 {[%clk 0:13:59]} h4
{[%clk 0:28:03]} 34. Rc6 {[%clk 0:08:42]} hxg3 {[%clk 0:28:26]} 35. hxg3
{[%clk 0:09:08]} Be4 {[%clk 0:27:35]} 36. Rxb6 {[%clk 0:09:07]} Bxg3
{[%clk 0:27:54]} 37. Bc6 {[%clk 0:09:11]} Bd3 {[%clk 0:27:12]} 38. a4
{[%clk 0:09:34]} f5 {[%clk 0:26:18]} 39. a5 {[%clk 0:08:28]} f4 {[%clk 0:26:43]}
40. Kg2 {[%clk 0:08:21]} Rc8 {[%clk 0:25:24]} 41. exf4 {[%clk 0:07:57]} Bxf4
{[%clk 0:25:48]} 42. Bb7 {[%clk 0:07:51]} 1-0

[Event "1st Stars Cup 2016"]
[Site "Guilan, Iran"]
[Date "2016.07.17"]
[Round "7"]
[Board "6"]
[White "Gholami, Aryan"]
[Black "Miroshnichenko, Evgenij"]
[Result "0-1"]
[WhiteElo "2454"]
[BlackElo "2616"]
[PlyCount "0"]
[EventDate "2016.07.11"]
[EventType "team"]
[EventRounds "10"]
[EventCountry "IRI"]
[WhiteTeam "Iran Stars"]
[BlackTeam "World Stars"]

1. c4 {[%clk 1:30:54]} g6 {[%clk 1:30:24]} 2. Nc3 {[%clk 1:30:55]} Bg7
{[%clk 1:30:52]} 3. g3 {[%clk 1:31:08]} e6 {[%clk 1:30:57]} 4. Bg2
{[%clk 1:30:35]} Ne7 {[%clk 1:31:08]} 5. d4 {[%clk 1:25:18]} d5 {[%clk 1:31:01]}
6. cxd5 {[%clk 1:24:15]} exd5 {[%clk 1:31:25]} 7. Nf3 {[%clk 1:24:32]} O-O
{[%clk 1:30:48]} 8. O-O {[%clk 1:24:55]} Nbc6 {[%clk 1:28:11]} 9. Bf4
{[%clk 1:19:53]} Bg4 {[%clk 1:20:36]} 10. Ne5 {[%clk 1:17:47]} Nxe5
{[%clk 1:16:33]} 11. Bxe5 {[%clk 1:17:36]} c6 {[%clk 1:13:44]} 12. Bxg7
{[%clk 1:15:23]} Kxg7 {[%clk 1:13:39]} 13. Qd2 {[%clk 1:15:47]} Qd7
{[%clk 1:07:46]} 14. Rfe1 {[%clk 1:14:42]} Rad8 {[%clk 1:07:18]} 15. b4
{[%clk 1:14:15]} Bh3 {[%clk 1:02:36]} 16. Bh1 {[%clk 1:13:10]} h5
{[%clk 0:58:33]} 17. a4 {[%clk 1:09:16]} h4 {[%clk 0:55:47]} 18. e4
{[%clk 1:00:08]} hxg3 {[%clk 0:52:44]} 19. hxg3 {[%clk 1:00:13]} Be6
{[%clk 0:41:32]} 20. exd5 {[%clk 0:55:19]} Nxd5 {[%clk 0:39:23]} 21. Ne4
{[%clk 0:54:34]} Rh8 {[%clk 0:29:41]} 22. Nc5 {[%clk 0:44:30]} Rxh1+
{[%clk 0:28:51]} 23. Kxh1 {[%clk 0:44:59]} Bg4 {[%clk 0:29:09]} 24. Kg2
{[%clk 0:38:20]} Qf5 {[%clk 0:27:18]} 25. Qd3 {[%clk 0:34:35]} b6
{[%clk 0:23:45]} 26. Qxf5 {[%clk 0:25:25]} Bxf5 {[%clk 0:24:01]} 27. Na6
{[%clk 0:16:31]} Bd3 {[%clk 0:24:12]} 28. b5 {[%clk 0:15:12]} cxb5
{[%clk 0:24:35]} 29. axb5 {[%clk 0:15:23]} Bxb5 {[%clk 0:25:03]} 30. Rec1
{[%clk 0:15:21]} Rd6 {[%clk 0:19:20]} 31. Nc7 {[%clk 0:14:14]} Nxc7
{[%clk 0:19:37]} 32. Rxc7 {[%clk 0:14:11]} a5 {[%clk 0:19:51]} 33. Rb1
{[%clk 0:11:42]} Bc6+ {[%clk 0:18:32]} 34. f3 {[%clk 0:06:36]} Rf6
{[%clk 0:15:45]} 35. Rb3 {[%clk 0:06:55]} b5 {[%clk 0:15:51]} 36. Rxc6
{[%clk 0:04:12]} Rxc6 {[%clk 0:16:01]} 37. Rxb5 {[%clk 0:04:40]} Ra6
{[%clk 0:16:25]} 38. Rb3 {[%clk 0:03:13]} a4 {[%clk 0:15:45]} 39. Ra3
{[%clk 0:03:41]} Kf6 {[%clk 0:16:09]} 40. Kf2 {[%clk 0:03:29]} Ke6
{[%clk 0:16:32]} 41. Ke3 {[%clk 0:03:33]} Kd5 {[%clk 0:16:51]} 42. Kd3
{[%clk 0:03:43]} f5 {[%clk 0:13:54]} 43. Ke3 {[%clk 0:01:17]} g5 {[%clk 0:13:42]}
44. Kd3 {[%clk 0:01:16]} Ra8 {[%clk 0:13:43]} 45. g4 {[%clk 0:00:45]} f4
{[%clk 0:13:47]} 46. Rc3 {[%clk 0:00:51]} a3 {[%clk 0:13:53]} 47. Rc5+
{[%clk 0:00:54]} Kd6 {[%clk 0:14:16]} 48. Rc1 {[%clk 0:01:15]} a2
{[%clk 0:14:41]} 49. Ra1 {[%clk 0:01:43]} Kd5 {[%clk 0:15:03]} 50. Kc3
{[%clk 0:01:53]} Ra7 {[%clk 0:15:27]} 51. Kd3 {[%clk 0:00:42]} Ra3+
{[%clk 0:15:55]} 52. Kc2 {[%clk 0:00:53]} Kxd4 {[%clk 0:15:52]} 53. Kb2
{[%clk 0:01:15]} Ra5 {[%clk 0:16:10]} 0-1

[Event "1st Stars Cup 2016"]
[Site "Guilan, Iran"]
[Date "2016.07.17"]
[Round "7"]
[Board "7"]
[White "Lu, Shanglei"]
[Black "Darini, Pouria"]
[Result "1-0"]
[WhiteElo "2611"]
[BlackElo "2524"]
[PlyCount "0"]
[EventDate "2016.07.11"]
[EventType "team"]
[EventRounds "10"]
[EventCountry "IRI"]
[WhiteTeam "World Stars"]
[BlackTeam "Iran Stars"]

1. e4 {[%clk 1:30:52]} c5 {[%clk 1:30:54]} 2. Nf3 {[%clk 1:31:02]} d6
{[%clk 1:31:19]} 3. d4 {[%clk 1:30:58]} cxd4 {[%clk 1:31:43]} 4. Nxd4
{[%clk 1:31:17]} Nf6 {[%clk 1:32:10]} 5. Nc3 {[%clk 1:31:36]} a6 {[%clk 1:32:34]}
6. Be3 {[%clk 1:31:42]} e5 {[%clk 1:32:00]} 7. Nb3 {[%clk 1:32:04]} Be6
{[%clk 1:32:25]} 8. f3 {[%clk 1:28:48]} h5 {[%clk 1:32:36]} 9. Qd2
{[%clk 1:26:59]} Nbd7 {[%clk 1:33:02]} 10. O-O-O {[%clk 1:23:09]} Rc8
{[%clk 1:31:41]} 11. Kb1 {[%clk 1:18:43]} Qc7 {[%clk 1:29:26]} 12. f4
{[%clk 1:11:06]} Be7 {[%clk 1:25:30]} 13. g3 {[%clk 1:06:28]} b5 {[%clk 1:20:08]}
14. Nd5 {[%clk 1:05:34]} Nxd5 {[%clk 1:16:32]} 15. exd5 {[%clk 1:05:52]} Bf5
{[%clk 1:16:55]} 16. Bd3 {[%clk 0:56:00]} Bxd3 {[%clk 1:13:16]} 17. Qxd3
{[%clk 0:56:12]} O-O {[%clk 1:03:03]} 18. h3 {[%clk 0:44:13]} Bf6
{[%clk 0:37:40]} 19. g4 {[%clk 0:42:10]} exf4 {[%clk 0:35:11]} 20. Bxf4
{[%clk 0:42:34]} Rfe8 {[%clk 0:26:48]} 21. g5 {[%clk 0:29:49]} Be5
{[%clk 0:25:54]} 22. g6 {[%clk 0:29:55]} fxg6 {[%clk 0:19:19]} 23. Bc1
{[%clk 0:27:41]} Bf6 {[%clk 0:10:34]} 24. Qxg6 {[%clk 0:27:01]} Re2
{[%clk 0:06:37]} 25. Rd2 {[%clk 0:20:59]} Qc4 {[%clk 0:04:49]} 26. Rg1
{[%clk 0:13:49]} Rxd2 {[%clk 0:00:49]} 27. Nxd2 {[%clk 0:14:08]} Qxd5
{[%clk 0:01:17]} 28. Ne4 {[%clk 0:14:18]} Be5 {[%clk 0:01:02]} 29. Ng5
{[%clk 0:04:59]} Nf8 {[%clk 0:01:28]} 30. Qxh5 {[%clk 0:04:56]} Qc4
{[%clk 0:01:24]} 31. Qd1 {[%clk 0:04:50]} Ne6 {[%clk 0:01:13]} 32. Rg4
{[%clk 0:04:23]} Nf4 {[%clk 0:00:35]} 33. Bxf4 {[%clk 0:04:30]} Bxf4
{[%clk 0:01:04]} 34. b3 {[%clk 0:04:46]} 1-0

[Event "1st Stars Cup 2016"]
[Site "Guilan, Iran"]
[Date "2016.07.17"]
[Round "7"]
[Board "8"]
[White "Mchedlishvili, Mikheil"]
[Black "Mousavi, Seyed Khalil"]
[Result "1-0"]
[WhiteElo "2604"]
[BlackElo "2432"]
[PlyCount "0"]
[EventDate "2016.07.11"]
[EventType "team"]
[EventRounds "10"]
[EventCountry "IRI"]
[WhiteTeam "World Stars"]
[BlackTeam "Iran Stars"]

1. e4 {[%clk 1:30:50]} e6 {[%clk 1:30:04]} 2. d4 {[%clk 1:30:55]} d5
{[%clk 1:30:11]} 3. Nd2 {[%clk 1:30:48]} a6 {[%clk 1:29:22]} 4. c3
{[%clk 1:28:08]} c5 {[%clk 1:29:24]} 5. e5 {[%clk 1:27:49]} Nc6 {[%clk 1:28:16]}
6. Ndf3 {[%clk 1:27:09]} cxd4 {[%clk 1:21:58]} 7. cxd4 {[%clk 1:26:53]} Qb6
{[%clk 1:22:16]} 8. Bd3 {[%clk 1:25:13]} f6 {[%clk 1:14:52]} 9. a3
{[%clk 1:20:59]} g6 {[%clk 0:59:45]} 10. h4 {[%clk 1:11:39]} Bg7 {[%clk 0:52:01]}
11. h5 {[%clk 1:10:03]} fxe5 {[%clk 0:50:25]} 12. dxe5 {[%clk 1:09:54]} Nge7
{[%clk 0:43:58]} 13. Qe2 {[%clk 1:06:20]} Nf5 {[%clk 0:34:59]} 14. hxg6
{[%clk 0:53:29]} hxg6 {[%clk 0:34:17]} 15. Rxh8+ {[%clk 0:53:27]} Bxh8
{[%clk 0:34:45]} 16. Nh3 {[%clk 0:42:12]} Bd7 {[%clk 0:31:49]} 17. Bg5
{[%clk 0:36:59]} Kf7 {[%clk 0:19:07]} 18. Rd1 {[%clk 0:24:26]} Ncd4
{[%clk 0:14:50]} 19. Nxd4 {[%clk 0:22:02]} Nxd4 {[%clk 0:15:10]} 20. Qg4
{[%clk 0:18:08]} Nf5 {[%clk 0:13:49]} 21. Bxf5 {[%clk 0:14:19]} exf5
{[%clk 0:13:31]} 22. Qh4 {[%clk 0:14:41]} Bxe5 {[%clk 0:06:05]} 23. Qh7+
{[%clk 0:14:30]} Bg7 {[%clk 0:06:33]} 24. Bh6 {[%clk 0:14:22]} Rg8
{[%clk 0:06:16]} 25. Ng5+ {[%clk 0:14:23]} Kf8 {[%clk 0:06:30]} 26. Rxd5
{[%clk 0:10:11]} Qxb2 {[%clk 0:02:36]} 27. Ne6+ {[%clk 0:04:44]} Ke7
{[%clk 0:03:05]} 28. Bxg7 {[%clk 0:03:27]} Qb1+ {[%clk 0:03:20]} 29. Kd2
{[%clk 0:03:56]} 1-0

[Event "1st Stars Cup 2016"]
[Site "Guilan, Iran"]
[Date "2016.07.17"]
[Round "7"]
[Board "9"]
[White "Ehlvest, Jaan"]
[Black "Firouzja, Alireza"]
[Result "1/2-1/2"]
[WhiteElo "2524"]
[BlackElo "2481"]
[PlyCount "0"]
[EventDate "2016.07.11"]
[EventType "team"]
[EventRounds "10"]
[EventCountry "IRI"]
[WhiteTeam "World Stars"]
[BlackTeam "Iran Stars"]

1. c4 {[%clk 1:30:55]} Nf6 {[%clk 1:30:25]} 2. g3 {[%clk 1:30:54]} g6
{[%clk 1:30:05]} 3. Bg2 {[%clk 1:30:23]} c5 {[%clk 1:29:16]} 4. Nc3
{[%clk 1:30:09]} Bg7 {[%clk 1:29:30]} 5. e4 {[%clk 1:26:51]} Nc6 {[%clk 1:26:49]}
6. Nge2 {[%clk 1:26:17]} O-O {[%clk 1:25:21]} 7. O-O {[%clk 1:25:54]} a6
{[%clk 1:22:03]} 8. d3 {[%clk 1:24:16]} Rb8 {[%clk 1:22:20]} 9. a4
{[%clk 1:24:10]} d6 {[%clk 1:19:16]} 10. h3 {[%clk 1:22:33]} Ne8 {[%clk 1:16:49]}
11. Be3 {[%clk 1:22:40]} Nd4 {[%clk 1:12:41]} 12. Rb1 {[%clk 1:22:17]} Nxe2+
{[%clk 1:02:54]} 13. Qxe2 {[%clk 1:07:40]} Nc7 {[%clk 0:57:54]} 14. Qd2
{[%clk 1:02:15]} Ne6 {[%clk 0:54:24]} 15. b4 {[%clk 0:56:27]} Nd4
{[%clk 0:45:36]} 16. bxc5 {[%clk 0:44:06]} dxc5 {[%clk 0:44:56]} 17. f4
{[%clk 0:40:57]} Bd7 {[%clk 0:41:43]} 18. e5 {[%clk 0:39:45]} b6 {[%clk 0:35:58]}
19. a5 {[%clk 0:33:07]} f6 {[%clk 0:29:33]} 20. axb6 {[%clk 0:19:08]} fxe5
{[%clk 0:19:44]} 21. Nd5 {[%clk 0:16:33]} e6 {[%clk 0:13:00]} 22. Nc7
{[%clk 0:16:19]} Bc8 23. Kh2 Qe7 {[%clk 0:07:15]} 24. Bxd4 {[%clk 0:07:32]} cxd4
{[%clk 0:04:55]} 25. Qb4 {[%clk 0:04:53]} Qd8 {[%clk 0:04:45]} 26. c5
{[%clk 0:03:40]} exf4 27. gxf4 {[%clk 0:03:20]} Rxf4 {[%clk 0:01:50]} 28. Rxf4
{[%clk 0:02:06]} Be5 {[%clk 0:02:15]} 29. Rbf1 {[%clk 0:02:07]} g5
{[%clk 0:02:02]} 30. Qc4 {[%clk 0:01:01]} Qe7 {[%clk 0:00:31]} 31. Kh1
{[%clk 0:00:53]} gxf4 {[%clk 0:00:46]} 32. Nxa6 {[%clk 0:00:39]} Bxa6
{[%clk 0:01:06]} 33. Qxa6 {[%clk 0:01:05]} Qxc5 {[%clk 0:01:31]} 34. b7
{[%clk 0:01:25]} Kf7 {[%clk 0:01:38]} 35. Qa2 {[%clk 0:01:11]} Bd6
{[%clk 0:00:34]} 36. Re1 {[%clk 0:00:56]} Re8 {[%clk 0:00:41]} 37. Bf3
{[%clk 0:01:13]} Kf6 {[%clk 0:00:35]} 38. Qg2 {[%clk 0:01:26]} Qg5
{[%clk 0:00:40]} 39. Qxg5+ {[%clk 0:00:46]} Kxg5 {[%clk 0:01:03]} 40. Rc1
{[%clk 0:01:09]} Kf6 {[%clk 0:00:36]} 41. Rc8 {[%clk 0:01:35]} Ke7
{[%clk 0:00:53]} 42. Kg2 {[%clk 0:01:35]} Rf8 {[%clk 0:01:02]} 43. Be4
{[%clk 0:01:44]} h6 {[%clk 0:01:19]} 44. Kf3 {[%clk 0:02:09]} Be5
{[%clk 0:00:51]} 45. h4 {[%clk 0:02:18]} Bd6 {[%clk 0:00:59]} 46. Bc6
{[%clk 0:02:33]} Bb8 {[%clk 0:00:31]} 47. Bb5 {[%clk 0:02:54]} Bd6
{[%clk 0:00:44]} 48. Bc4 {[%clk 0:03:18]} e5 {[%clk 0:00:47]} 49. Bd5
{[%clk 0:03:40]} Rd8 {[%clk 0:00:37]} 50. Be4 {[%clk 0:03:44]} Rf8
{[%clk 0:00:36]} 51. Ke2 {[%clk 0:02:16]} Rd8 {[%clk 0:00:42]} 52. Bf3
{[%clk 0:02:33]} Rf8 {[%clk 0:00:47]} 53. Kf2 {[%clk 0:02:55]} Rd8
{[%clk 0:00:42]} 54. Kg2 {[%clk 0:03:18]} Rf8 {[%clk 0:00:54]} 55. Kh3
{[%clk 0:03:26]} e4 {[%clk 0:00:48]} 56. dxe4 {[%clk 0:02:39]} d3
{[%clk 0:01:00]} 57. Rxf8 {[%clk 0:01:44]} Kxf8 {[%clk 0:01:25]} 58. Kg4
{[%clk 0:02:13]} Kf7 {[%clk 0:00:52]} 59. Kf5 {[%clk 0:02:16]} d2
{[%clk 0:00:49]} 60. Bg4 {[%clk 0:01:21]} Bb8 {[%clk 0:00:53]} 61. e5
{[%clk 0:01:27]} Bc7 {[%clk 0:00:40]} 62. h5 {[%clk 0:01:06]} Bb8
{[%clk 0:00:44]} 63. Kxf4 {[%clk 0:01:31]} Bc7 {[%clk 0:00:47]} 64. Kf5
{[%clk 0:01:49]} Bb8 {[%clk 0:01:07]} 65. Bd1 {[%clk 0:01:59]} Bc7
{[%clk 0:00:55]} 66. Bb3+ {[%clk 0:02:07]} Ke7 {[%clk 0:00:51]} 67. e6
{[%clk 0:01:56]} Bb8 {[%clk 0:00:59]} 68. Kg6 {[%clk 0:01:47]} Bf4
{[%clk 0:01:07]} 69. Kg7 {[%clk 0:02:11]} d1=Q {[%clk 0:01:20]} 70. Bxd1
{[%clk 0:02:39]} Kxe6 {[%clk 0:01:43]} 1/2-1/2

[Event "1st Stars Cup 2016"]
[Site "Guilan, Iran"]
[Date "2016.07.17"]
[Round "7"]
[Board "10"]
[White "Vakhidov, Jahongir"]
[Black "Lorparizangeneh, Shahin"]
[Result "1/2-1/2"]
[WhiteElo "2586"]
[BlackElo "2468"]
[PlyCount "0"]
[EventDate "2016.07.11"]
[EventType "team"]
[EventRounds "10"]
[EventCountry "IRI"]
[WhiteTeam "World Stars"]
[BlackTeam "Iran Stars"]

1. c4 {[%clk 1:30:58]} c5 {[%clk 1:30:40]} 2. Nf3 {[%clk 1:30:59]} Nc6
{[%clk 1:31:04]} 3. d4 {[%clk 1:31:14]} cxd4 {[%clk 1:31:28]} 4. Nxd4
{[%clk 1:31:27]} Nf6 {[%clk 1:31:49]} 5. Nc3 {[%clk 1:31:40]} e6 {[%clk 1:32:12]}
6. a3 {[%clk 1:30:46]} d5 {[%clk 1:32:23]} 7. cxd5 {[%clk 1:26:57]} exd5
{[%clk 1:32:37]} 8. e3 {[%clk 1:22:02]} Bd6 {[%clk 1:30:52]} 9. Bb5
{[%clk 1:20:26]} Bd7 {[%clk 1:27:50]} 10. Nf3 {[%clk 1:18:31]} Be6
{[%clk 1:26:27]} 11. Nd4 {[%clk 1:16:51]} Bd7 {[%clk 1:24:47]} 12. Nf3
{[%clk 1:16:49]} Be6 {[%clk 1:25:10]} 13. O-O {[%clk 1:11:09]} O-O
{[%clk 1:25:14]} 14. h3 {[%clk 1:11:26]} Rc8 {[%clk 1:24:16]} 15. Ne2
{[%clk 1:10:07]} Ne4 {[%clk 1:22:46]} 16. Nf4 {[%clk 1:07:55]} Bb8
{[%clk 1:08:18]} 17. Ba4 {[%clk 0:51:09]} Ne5 {[%clk 1:01:41]} 18. Nd4
{[%clk 0:37:55]} Qd6 {[%clk 0:55:44]} 19. Nb5 {[%clk 0:36:30]} Qa6
{[%clk 0:55:23]} 20. Nd4 {[%clk 0:20:36]} Qd6 {[%clk 0:50:33]} 21. Bc2
{[%clk 0:03:56]} Rfd8 {[%clk 0:50:36]} 22. Nfxe6 {[%clk 0:04:24]} fxe6 23. f4 Nc6
{[%clk 0:48:58]} 24. Ne2 {[%clk 0:02:45]} a5 {[%clk 0:38:16]} 25. Bxe4
{[%clk 0:02:42]} dxe4 {[%clk 0:38:38]} 26. Qxd6 {[%clk 0:03:06]} Rxd6
{[%clk 0:38:42]} 27. Nc3 {[%clk 0:03:30]} Ba7 {[%clk 0:35:21]} 28. Nxe4
{[%clk 0:03:58]} Rd3 {[%clk 0:36:08]} 29. Nc3 {[%clk 0:00:36]} Rf8
{[%clk 0:21:37]} 30. Kh2 {[%clk 0:00:35]} g5 {[%clk 0:18:48]} 31. g3 gxf4
{[%clk 0:10:45]} 32. gxf4 {[%clk 0:01:02]} Rf5 {[%clk 0:10:28]} 33. Kg2
{[%clk 0:01:21]} e5 {[%clk 0:09:15]} 34. Kf3 {[%clk 0:01:22]} Rxf4+
{[%clk 0:09:14]} 35. Ke2 {[%clk 0:01:50]} Rxf1 {[%clk 0:09:31]} 36. Kxf1
{[%clk 0:02:19]} Rd6 {[%clk 0:09:16]} 37. b4 {[%clk 0:02:23]} Rd3
{[%clk 0:08:19]} 38. Ne4 {[%clk 0:02:07]} Rb3 {[%clk 0:08:26]} 39. Ke2
{[%clk 0:00:59]} axb4 {[%clk 0:08:41]} 40. axb4 {[%clk 0:01:28]} Rxb4
{[%clk 0:09:04]} 41. Kf3 {[%clk 0:01:15]} Rb3 {[%clk 0:07:54]} 42. Ke2
{[%clk 0:01:30]} Rb4 {[%clk 0:06:46]} 43. Kd3 {[%clk 0:01:58]} Rb5
{[%clk 0:06:06]} 44. Bd2 {[%clk 0:02:05]} Rd5+ {[%clk 0:06:19]} 45. Ke2
{[%clk 0:02:10]} Rd8 {[%clk 0:04:21]} 46. Rb1 {[%clk 0:02:09]} Rb8
{[%clk 0:04:27]} 47. Nf6+ {[%clk 0:02:29]} Kf7 {[%clk 0:03:50]} 48. Rf1
{[%clk 0:02:05]} Kg6 {[%clk 0:03:56]} 49. Ne4 {[%clk 0:02:14]} Rd8
{[%clk 0:03:50]} 50. Bc3 {[%clk 0:02:40]} h6 {[%clk 0:03:31]} 51. Rf6+
{[%clk 0:02:32]} Kg7 {[%clk 0:03:59]} 52. Re6 {[%clk 0:02:44]} Bb8
{[%clk 0:02:26]} 53. Ng3 {[%clk 0:03:05]} Rh8 {[%clk 0:00:59]} 54. Nh5+
{[%clk 0:02:44]} Kf7 {[%clk 0:01:28]} 55. Rf6+ {[%clk 0:03:14]} Ke7
{[%clk 0:01:49]} 56. Rg6 {[%clk 0:03:40]} Rh7 {[%clk 0:01:47]} 57. h4
{[%clk 0:03:51]} Bd6 {[%clk 0:01:30]} 58. Ng3 {[%clk 0:03:35]} Kd7
{[%clk 0:01:48]} 59. Nf5 {[%clk 0:03:36]} Bf8 {[%clk 0:02:05]} 60. Kd3
{[%clk 0:03:22]} b5 {[%clk 0:02:01]} 61. Ke4 {[%clk 0:03:13]} h5 {[%clk 0:01:01]}
62. Kd5 {[%clk 0:03:01]} Ne7+ {[%clk 0:01:20]} 63. Nxe7 {[%clk 0:03:28]} Bxe7
{[%clk 0:01:36]} 64. Rb6 {[%clk 0:02:23]} Ke8 {[%clk 0:01:38]} 65. Bxe5
{[%clk 0:00:34]} Bxh4 {[%clk 0:02:01]} 66. Rb8+ {[%clk 0:00:39]} Kf7
{[%clk 0:02:10]} 67. Rb7+ {[%clk 0:00:48]} Kg6 {[%clk 0:02:11]} 68. Rb6+
{[%clk 0:01:03]} Kf5 {[%clk 0:02:25]} 69. Rxb5 {[%clk 0:01:01]} Bf2
{[%clk 0:02:24]} 70. e4+ {[%clk 0:00:50]} Kg4 {[%clk 0:02:49]} 71. Bd6
{[%clk 0:00:41]} h4 {[%clk 0:02:02]} 72. e5 {[%clk 0:01:09]} Bg3 {[%clk 0:01:47]}
73. Rb4+ {[%clk 0:01:07]} Kf3 {[%clk 0:01:48]} 74. Rb3+ {[%clk 0:01:36]} Kg2
{[%clk 0:02:07]} 75. Rb2+ {[%clk 0:02:04]} Kf3 {[%clk 0:01:50]} 76. Rb3+
{[%clk 0:02:32]} Kg2 {[%clk 0:02:14]} 77. Ke4 {[%clk 0:02:23]} Rh5
{[%clk 0:00:58]} 78. Rb2+ {[%clk 0:02:41]} Kf1 {[%clk 0:00:42]} 79. Rb

[Event "1st Stars Cup 2016"]
[Site "Guilan, Iran"]
[Date "2016.07.18"]
[Round "8"]
[Board "1"]
[White "Lorparizangeneh, Shahin"]
[Black "Sargissian, Gabriel"]
[Result "1/2-1/2"]
[WhiteElo "2468"]
[BlackElo "2679"]
[PlyCount "0"]
[EventDate "2016.07.11"]
[EventType "team"]
[EventRounds "10"]
[EventCountry "IRI"]
[WhiteTeam "Iran Stars"]
[BlackTeam "World Stars"]

1. Nf3 {[%clk 1:30:52]} d5 {[%clk 1:29:47]} 2. g3 {[%clk 1:31:14]} Bg4
{[%clk 1:28:35]} 3. Bg2 {[%clk 1:31:37]} c6 {[%clk 1:28:55]} 4. c4
{[%clk 1:31:42]} e6 {[%clk 1:27:56]} 5. O-O {[%clk 1:31:56]} Nd7 {[%clk 1:25:28]}
6. cxd5 {[%clk 1:32:04]} exd5 {[%clk 1:25:42]} 7. d3 {[%clk 1:32:25]} Bd6
{[%clk 1:23:02]} 8. h3 {[%clk 1:29:37]} Bh5 {[%clk 1:21:43]} 9. Nh4
{[%clk 1:24:54]} Ne7 {[%clk 1:20:50]} 10. g4 {[%clk 1:24:56]} Bg6
{[%clk 1:20:13]} 11. e4 {[%clk 1:25:04]} dxe4 {[%clk 1:06:20]} 12. dxe4
{[%clk 1:24:04]} Nc5 {[%clk 1:06:10]} 13. Nc3 {[%clk 1:21:05]} Nd3
{[%clk 0:57:32]} 14. Be3 {[%clk 1:12:15]} Nf4 {[%clk 0:57:02]} 15. Qf3
{[%clk 1:07:21]} Nxg2 {[%clk 0:54:44]} 16. Qxg2 {[%clk 1:01:46]} f6
{[%clk 0:54:20]} 17. f4 Bf7 {[%clk 0:43:43]} 18. Qf2 {[%clk 0:36:47]} O-O
{[%clk 0:41:31]} 19. Rfd1 {[%clk 0:36:27]} Qc7 {[%clk 0:38:55]} 20. Rac1
{[%clk 0:35:16]} Bb4 {[%clk 0:38:18]} 21. a3 {[%clk 0:26:57]} Bxc3
{[%clk 0:35:49]} 22. Rxc3 {[%clk 0:27:23]} Rad8 {[%clk 0:28:07]} 23. Rcd3
{[%clk 0:22:21]} b6 {[%clk 0:27:21]} 24. Qd2 {[%clk 0:19:12]} Rxd3
{[%clk 0:26:33]} 25. Qxd3 {[%clk 0:19:38]} Ng6 {[%clk 0:26:57]} 26. Nxg6
{[%clk 0:19:07]} hxg6 {[%clk 0:21:36]} 27. Qd7 {[%clk 0:19:02]} Qb8
{[%clk 0:21:07]} 28. Qxc6 {[%clk 0:17:16]} Rc8 {[%clk 0:20:54]} 29. Qd7
{[%clk 0:17:05]} Re8 {[%clk 0:16:23]} 30. Rc1 {[%clk 0:15:47]} Be6
{[%clk 0:15:44]} 31. Qc7 {[%clk 0:13:27]} Qa8 {[%clk 0:15:45]} 32. Qc6
{[%clk 0:13:42]} Qd8 {[%clk 0:15:56]} 33. Kf2 {[%clk 0:12:35]} Bf7
{[%clk 0:15:13]} 34. Qc7 {[%clk 0:05:09]} Qd3 {[%clk 0:15:24]} 35. Qc2
{[%clk 0:05:23]} Qb5 {[%clk 0:15:00]} 36. b4 {[%clk 0:05:05]} g5 {[%clk 0:09:38]}
37. f5 {[%clk 0:03:18]} Qe5 {[%clk 0:09:02]} 38. Kg2 {[%clk 0:03:26]} g6
{[%clk 0:07:30]} 39. Rd1 {[%clk 0:02:42]} gxf5 {[%clk 0:06:40]} 40. gxf5
{[%clk 0:02:43]} Qxe4+ {[%clk 0:06:25]} 41. Qxe4 {[%clk 0:03:03]} Rxe4
{[%clk 0:06:48]} 42. Bf2 {[%clk 0:02:33]} Re5 {[%clk 0:05:09]} 43. Rd7
{[%clk 0:02:57]} Rxf5 {[%clk 0:04:11]} 44. Rxa7 {[%clk 0:03:22]} b5
{[%clk 0:04:26]} 45. Ra5 {[%clk 0:02:57]} Bd5+ {[%clk 0:02:50]} 46. Kg1
{[%clk 0:03:24]} Bb3 {[%clk 0:02:57]} 47. Ra7 {[%clk 0:01:14]} Rf3
{[%clk 0:03:10]} 48. Bd4 {[%clk 0:01:31]} Bd5 {[%clk 0:02:39]} 49. Kh2
{[%clk 0:01:22]} Rf4 {[%clk 0:02:52]} 50. Bc5 {[%clk 0:00:47]} Rf1
{[%clk 0:02:07]} 51. Bd4 {[%clk 0:00:45]} Rf3 {[%clk 0:02:31]} 52. Kg1
{[%clk 0:00:46]} Rg3+ {[%clk 0:02:24]} 53. Kf2 {[%clk 0:01:02]} Rxh3
{[%clk 0:02:40]} 54. a4 {[%clk 0:00:45]} bxa4 {[%clk 0:02:59]} 55. Rxa4
{[%clk 0:01:13]} Kf7 {[%clk 0:02:45]} 56. Ra5 {[%clk 0:01:05]} Be4
{[%clk 0:02:34]} 57. b5 {[%clk 0:01:28]} Rf3+ {[%clk 0:01:27]} 58. Ke2
{[%clk 0:01:10]} g4 {[%clk 0:00:41]} 59. b6 {[%clk 0:01:02]} Rb3 {[%clk 0:01:01]}
60. Ra2 {[%clk 0:01:18]} Bf3+ {[%clk 0:00:41]} 61. Kf2 {[%clk 0:01:07]} Bd5
{[%clk 0:00:58]} 62. Rb2 {[%clk 0:00:42]} g3+ {[%clk 0:01:16]} 63. Ke2
{[%clk 0:00:53]} Rxb2+ {[%clk 0:01:14]} 64. Bxb2 {[%clk 0:01:22]} Kg6
{[%clk 0:01:34]} 65. Ke3 {[%clk 0:00:46]} Kg5 {[%clk 0:01:44]} 66. Bc3
{[%clk 0:00:54]} Bb7 {[%clk 0:01:57]} 67. Bd4 {[%clk 0:01:07]} Kf5
{[%clk 0:01:20]} 68. Bc3 {[%clk 0:01:33]} Kg5 {[%clk 0:00:57]} 69. Bd4
{[%clk 0:01:58]} f5 {[%clk 0:01:12]} 70. Be5 {[%clk 0:02:24]} Kg4
{[%clk 0:01:24]} 71. Bd6 {[%clk 0:02:50]} Kh3 {[%clk 0:01:32]} 72. Bc7
{[%clk 0:03:10]} 1/2-1/2